| 000 | 01159nam2a2200277 4500 | ||
|---|---|---|---|
| 001 | RU\NLR\PER_A\010252240_000060 | ||
| 005 | 20250626070936.0 | ||
| 035 | _a(NLR Aleph) 011452477 | ||
| 090 |
_a11760232 _c11760232 |
||
| 100 | _a20170809d2016 |||y0rusy50 ca | ||
| 101 | 0 | _arus | |
| 102 | _aRU | ||
| 200 | 1 | _aРоссия и Украина XVII-XX вв. | |
| 210 |
_d2016 _aБ. м. |
||
| 461 | 0 |
_1001RU\NLR\Per\1013612 _12001#$aИсторическiй вестникъ$vТ. 16 (163) _910428585 _cМосква _d2012 - _n[б. и.] _tИсторическiй вестникъ _x2306-4978 _vТ. 16 (163) |
|
| 607 |
_aРоссия _jСборники _xВзаимоотношения _yУкраина _92216785 _3RU\NLR\AUTH\661331354 |
||
| 607 |
_aУкраина _jСборники _xВзаимоотношения _yРоссия _92216787 _3RU\NLR\AUTH\661331355 |
||
| 607 |
_aУкраина _jСборники _xИстория _z17 - 20 вв. _92335007 _3RU\NLR\AUTH\6601619994 |
||
| 686 | 1 | _aТ3(2)0-64(2Ук)я43 | |
| 686 | 1 | _aТ3(2Ук)0-64(2)я43 | |
| 686 | 1 | _aТ3(2Ук)я43 | |
| 852 |
_aNLR _jП23/8761 |
||
| 942 | _cISSUE | ||
| 980 | _aNB | ||
| 980 | _aRUSPER | ||